000 00533cas a22001935a 4500
001 L122460
008 030529d20032005xxkqr p 0 a0eng u
035 _a(Sirsi) u122460
041 _aeng
245 0 0 _aPlaza
260 _a[S.l.]
_bReed Business Information
_c2003-2005
362 0 _aMarch 2003-May 2005
520 _aDistributed with Estates Gazette and EuroProperty.
554 _aFour per year
651 4 _aInternational
690 _aPROPERTY-COMMERCIAL PROPERTY-RETAIL PROPERTY
785 0 0 _tEG Retail
942 _n0
999 _c118771
_d118771